[Event "Biel GM 2019 - Rapid"]
[Site "Biel"]
[Date "21.07.2019"]
[Round "3R"]
[White "Cori, Jorge"]
[Black "Maghsoodloo, Parham"]
[Result "0-1"]
[WhiteElo "2686"]
[BlackElo "2656"]
[PlyCount "60"]
[EventDate "2019.??.??"]

1. d4 f5 2. Nf3 Nf6 3. c4 e6 4. Nc3 c6 5. Bf4 d5 6. e3 Be7 7. Be2 O-O 8. O-O
Nh5 9. Be5 Nd7 10. cxd5 exd5 11. Qc2 Nhf6 12. Rab1 a5 13. a3 Ne4 14. h3 Nxe5
15. Nxe5 Bd6 16. f4 Qe7 17. Bd3 Be6 18. Na4 g5 19. Rbe1 Kh8 20. Bxe4 dxe4 21.
g3 Rg8 22. Kh2 Rg7 23. Qf2 Rag8 24. Rg1 Bf7 25. Nc3 Bh5 26. g4 fxg4 27. Nxe4
gxf4 28. exf4 Bc7 29. f5 gxh3 30. Ng3 Qh4 0-1